01482cam a22003497a 4500003000500000005001700005008004100022010001000063011001000073035001000083040000900093090001000102100004800112245022600160260004200386300002200428502013300450590003700583590004100620590004100661590004100702590004200743650003200785650003100817650005800848901000700906905002300913942001000936949004200946999001700988952012701005CHAP20220329141902.0980407d1985 mx r 00110 spa d a75284 a76256 a85835 cCHAP aTesis00aAstaburuaga Pazzi, Fernando Martín.9816510aEnsayo de rendimiento de 10 líneas de frijol (Phaseolus vulgaris) flor de mayo con resistencia a la roya (Uromyces phaseoli Var. typica Arth.) y precoces en el sur de Tamaulipasc/por Fernando Martín Astaburuaga Pazzi aQuerétaro, Qro. :bEl autor,c1985. a51 h. :bgráfs. aTesis (Ing. Agr. en Producción) -- ITESM. Unidad Querétaro. Escuela de Agricultura y Ganadería. Departamento de Fitotecnia aALEPHb10c20130110lUCH01h1423 aBATCH-UPDb10c20130110lUCH01h0548 aBATCH-UPDb10c20130410lUCH01h0229 aBATCH-UPDb10c20130914lUCH01h0422 aCONVERSIONb10c20130109lUCH01h134114aFrijolxRendimiento.94342914aFrijolxTamaulipas.94343914aFrijolxVariedades resistentes a enfermedades.943447 aBK aGuadalupe Pinto C. cTESIS bBCcTESd858351eTS1h32244i85835sb c75284d75284 00102local4051708TESISaBCbBCcPA_TESISd2019-12-31fTESISl0oTesisp858351r2019-12-31 00:00:00w2019-12-31yTESIS